000
00394nam a2200133Ia 4500
008
151001s9999||||xx |||||||||||||| ||und||
100
_a
कृष्णा बांदेकर
245
_a
खाकेक कळसो व गावाक वळसो
250
_a
1
260
_b
अनुराधा बांदेकर
260
_c
1992
300
_a
20
365
_b
21
999
_c
981983
_d
981980